000 00301nam a22001337a 4500
008 170825b xxu||||| |||| 00| 0 eng d
020 _a9781305029798
041 _aeng
080 _a070
100 _a39
101 _aMED
245 _aCOMPOSITION & COMMUNICATION I
_cVERDEBER,K.S
942 _2udc
_cBK
999 _c24997
_d24997